000 00689nam a22002297a 4500
003 UA-OsUOA
001 38682
007 ta
008 20080205b un ||||| |||| 00| 0 ukr d
090 _a050
_bА61
942 _cNP
040 _aUA-OsUOA
_bukr
_cUA-OsUOA
_dUA-OsUOA
245 _aАмерика (вирізка про Р.Шухевича)
300 _a2 с.
955 _a1
041 _aukr
080 _a050
260 _c2007
310 _aЧ.21, 26 травня 2007
650 7 _a050 Серійні публікації. Періодика галузі, Організація та інші типи поєднання (співробітництва)
_2UDC
999 _c437195
_d437195